| 000 | 00786cam a2200265 i 4500 | ||
|---|---|---|---|
| 001 | 11708 | ||
| 003 | BD-RjUL | ||
| 005 | 20211208235153.0 | ||
| 008 | 140127s1977 caua b 001 0 eng | ||
| 020 | _a0716701790 | ||
| 035 | _a(BD-RjUL)11757 | ||
| 040 |
_aDLC _cDLC _dDLC _dBD-RjUL _beng |
||
| 041 | _aeng | ||
| 082 | 0 | 0 |
_a572 _bCLE 1977 _223 |
| 100 | 1 |
_aClark, John Magruder, _d1932- _936225 |
|
| 245 | 1 | 0 |
_aExperimental biochemistry / _cJohn M. Clark and Robert L. Switzer. |
| 250 | _a2nd ed. | ||
| 260 |
_aNew York : _bW. H. Freeman, _cc1977. |
||
| 300 |
_axii, 335 p. : _bill. ; _c28 cm. |
||
| 504 | _aIncludes bibliographies and index. | ||
| 650 | 0 |
_aBiochemistry _936226 |
|
| 700 | 1 |
_aSwitzer, Robert L., _ejoint author. _936227 |
|
| 942 |
_2ddc _cBK |
||
| 999 |
_c11708 _d11708 |
||